Laboratórne cvičenia z fyziológie

Bibliographic Details
Main Authors: Veselovský, Ján (Author), Gressnerová, Soňa, 1942- (Author)
Format: Book
Language:Slovak
PhysicalDescription:107 s. Sch. 29 cm
Published: Bratislava Univerzita Komenského 1987
Edition:1. vyd. Dotl.
Series:Vysokoškolské skriptá
Subjects:

MARC

LEADER 00000nam a2200000 a 4500
001 vtls001124092
003 SK-MaSNL
005 20260302015500.0
008 250414s1987 xo 0 slo
015 |a SNBA1988/03 
035 |a SNK000066935 
040 |a SNK  |b slo  |c SNK  |e AACR2 
041 0 |a slo 
044 |a xo  |c SK 
080 |a 612.1/.8(075.8)(076.5)  |2 1981 
100 1 |a Veselovský, Ján  |4 aut  |9 5063 
245 1 0 |a Laboratórne cvičenia z fyziológie  |c Ján Veselovský, Soňa Gressnerová 
250 |a 1. vyd. Dotl. 
260 |a Bratislava  |b Univerzita Komenského  |c 1987  |e Bratislava  |f Polygrafické stredisko UK 
300 |a 107 s.  |b Sch.  |c 29 cm 
366 |e 200 výtl. 
490 1 |a Vysokoškolské skriptá 
504 |a Obsahuje bibliografiu 
650 0 7 |a fyziológia  |2 SNKPH  |9 697 
655 7 |a učebnice vysokých škôl  |2 SNKPH  |9 70191 
655 7 |a Textbooks (higher)  |2 SNKPHeng  |9 276436 
700 1 |a Gressnerová, Soňa,  |d 1942-  |4 aut  |9 37713 
830 0 |a Vysokoškolské skriptá  |9 276440 
852 |a Slovenská národná knižnica 
954 |a odborná, vedecká literatúra pôvodná (slovenská)  |2 lita 
958 |a NB 
958 |a UV 
958 |a OND 
999 |c 1021321  |d 1023251 
952 |a SNK  |b SNK  |y PREZ  |7 0  |p 17A0824627  |o snkSB 42770   |0 0  |1 0  |4 0  |d 2012-07-04  |f 1  |l 0  |r 2025-05-09 00:00:00  |w 2026-02-24 
952 |t P60, <04>, [BOOK], {604}  |a SNK  |b SNK  |y VYP  |7 0  |p 17A0157336  |o snkSB 42770 D1  |0 0  |1 0  |4 0  |d 1998-08-28  |l 0  |r 2004-12-31 00:00:00  |w 2026-02-24